Statistics for 2010s Movie Trivia

Click here to take the quiz!

General Stats

  • This quiz has been taken 28,476 times
  • The average score is 13 of 20

Answer Stats

HintAnswer% Correct
What fairy tale character was the subject of the 2010 movie "Tangled"?Rapunzel
84%
What 2019 superhero movie temporarily broke the all-time box office record?Avengers: Endgame
83%
What 2018 movie was about the life of Queen lead singer Freddie Mercury?Bohemian Rhapsody
82%
In what country was the Pixar film "Coco" set?Mexico
82%
Who starred in "The Master", "Her", and "Joker"?Joaquin Phoenix
79%
Name one of the three movies that starred both Emma Stone and Ryan Gosling.Crazy, Stupid, Love /
Gangster Squad /
La La Land
78%
What 2012 film was about a college acappella group called the Bellas?Pitch Perfect
71%
What movie producer's multiple cases of sexual abuse sparked the #MeToo movement?Harvey Weinstein
70%
What horror movie series was based on the ridiculous premise of all crime
being legal for one day a year?
The Purge
69%
What muscular villain did Batman battle in "The Dark Knight Rises"?Bane
66%
What actress starred alongside Leonardo DiCaprio in "The Wolf of Wall Street" and
"Once Upon a Time in Hollywood"?
Margot Robbie
66%
What actress married John Krasinski in 2010, and later starred with him
in the movie "A Quiet Place"?
Emily Blunt
64%
What "Fast and Furious" star died in a car crash?Paul Walker
63%
Who was the lead actor of the Somali pirate movie "Captain Philips"?Tom Hanks
62%
Whose appearance in the movie "Jack and Jill" earned him a Golden Raspberry award
for Worst Actor and Worst Actresss?
Adam Sandler
53%
What actor's portrayal of Abraham Lincoln earned him an unprecedented third
Oscar for Best Actor?
Daniel Day-Lewis
53%
In 2013, there were two nearly identical movies about terrorists taking over the
White House. Name either.
Olympus Has Fallen /
White House Down
53%
What former Batman star earned an Oscar nomination for his role in
the movie "Birdman"?
Michael Keaton
49%
Who directed "Inception" and "Interstellar"?Christopher Nolan
39%
What silent film won an Oscar for Best Picture?The Artist
28%

Score Distribution

Percentile by Number Answered

Percent of People with Each Score

Your Score History

You have not taken this quiz